000
00266nam a22001217a 4500
020
_a
0-07-0494746-2
041
_a
ENG
100
_a
Robert.H
245
_a
Engineering Manual
260
_a
New York
_b
McGrw-Hill Book
_c
1959
650
_a
GAE (15)
856
_u
GAE (15)
999
_c
2958
_d
2958